Statistics for Name a Valid English Football Club

Click here to take the quiz!

General Stats

  • This quiz has been taken 187 times
    (167 since last reset)
  • The average score is 15 of 20

Answer Stats

Hint# of
Answers
Answer% Correct
Have lost in a Champions League Final4Leeds | Arsenal | Tottenham Hotspur | Manchester City | Liverpool | Manchester United | Chelsea
100%
Has won the Premier League7Liverpool | Manchester City | Manchester United | Arsenal | Chelsea | Blackburn | Leicester
100%
Have won a Champions League5Liverpool | Manchester United | Chelsea | Nottingham Forest | Aston Villa
100%
Are from London13Arsenal | Chelsea | Tottenham Hotspur | Crystal Palace | Brentford | West Ham | Fulham | Milwall | Queens Park Rangers | Wimbledon | Charlton Athletic | Leyton Orient | Sutton
99%
Have been in every Premier League season6Liverpool | Manchester United | Arsenal | Tottenham Hotspur | Chelsea | Everton
94%
Have paid more than 90 million pounds for a single player3Manchester City | Chelsea | Manchester United
94%
Have 10 or more FA Cup wins2Arsenal | Manchester United
93%
Have been managed by Jose Mourinho3Chelsea | Manchester United | Tottenham Hotspur
93%
Have a capacity of more than 50,0007Manchester United | Tottenham Hotspur | Arsenal | West Ham | Manchester City | Liverpool | Newcastle
92%
Clubs that Romelu Lukaku played for4Everton | Manchester United | Chelsea | West Bromwich Albion
91%
Are from the Greater Manchester Area7Manchester United | Manchester City | Bolton Wanderers | Wigan Athletic | Oldham Athletic | Salford | Rochdale
91%
With more than 100 combined followers on social media3Manchester United | Chelsea | Liverpool
89%
Have received more than 90 million pounds for a single player2Liverpool | Aston Villa
83%
Are from Wales3Swansea | Cardiff | Newport
83%
Have won a Europa League but never won a Champions League2Tottenham Hotspur | Ipswich
52%
Are in the Steel City Derby2Sheffield United | Sheffield Wednesday
51%
Have 5 or more EFL Cup losses2Arsenal | Tottenham Hotspur
46%
Lost a Europa League final but never made it to a Champions League final3Wolverhampton Wanderers | Middlesborough | Fulham
34%
Are from the only city that have never had a Premier League team1Plymouth Argyle
16%
Have more than 100 goals in their league1Fulham
13%

Score Distribution

Percentile by Number Answered

Percent of People with Each Score

Your Score History

You have not taken this quiz since the last reset